Exploring India's rural past : a Gujarat village in the early nineteenth century (Record no. 257556)

MARC details
000 -LEADER
fixed length control field 00791nam a2200217Ia 4500
008 - FIXED-LENGTH DATA ELEMENTS--GENERAL INFORMATION
fixed length control field 191130s2002##################000#0#eng##
020 ## - INTERNATIONAL STANDARD BOOK NUMBER
ISBN 9780195657326
082 ## - DEWEY DECIMAL CLASSIFICATION NUMBER
Classification number 307.720954 SHA
100 ## - MAIN ENTRY--AUTHOR NAME
Personal name Shah, A. M
245 ## - TITLE STATEMENT
Title Exploring India's rural past : a Gujarat village in the early nineteenth century
Statement of responsibility, etc A.M. Shah
260 ## - PUBLICATION, DISTRIBUTION, ETC. (IMPRINT)
Place of publication Oxford
Name of publisher Oxford University Press
Year of publication 2002
300 ## - PHYSICAL DESCRIPTION
Number of Pages xiii, 245 p. : ill., maps ; 23 cm
500 ## - GENERAL NOTE
General note Includes bibliographical references (p. [229]-236) and index
650 ## - SUBJECT ADDED ENTRY--TOPICAL TERM
Topical Term Radhwanaj (India) - Economic conditions - 19th century
Topical Term Radhwanaj (India) - History
Topical Term Radhwanaj (India) - Social conditions - 19th century
991 ## -
-- 200867
Holdings
Withdrawn status Lost status Damaged status Not for loan Home library Current library Shelving location Date acquired Full call number Accession Number Price effective from Koha item type
        Anna Centenary Library Anna Centenary Library 3RD FLOOR, B WING 13.10.2020 307.720954 SHA 111884 13.10.2020 Books

Find us on the map